<?xml version="1.0" encoding="UTF-8"?>
<record
    xmlns:xsi="http://www.w3.org/2001/XMLSchema-instance"
    xsi:schemaLocation="http://www.loc.gov/MARC21/slim http://www.loc.gov/standards/marcxml/schema/MARC21slim.xsd"
    xmlns="http://www.loc.gov/MARC21/slim">

  <leader>01489nam a22002417a 4500</leader>
  <datafield tag="999" ind1=" " ind2=" ">
    <subfield code="c">7208</subfield>
    <subfield code="d">7208</subfield>
  </datafield>
  <controlfield tag="003">DO-SdBJH</controlfield>
  <controlfield tag="005">20221110140905.0</controlfield>
  <controlfield tag="008">221110b           ||||| |||| 00| 0 spa d</controlfield>
  <datafield tag="040" ind1=" " ind2=" ">
    <subfield code="a">DO-SdBJH</subfield>
    <subfield code="b">spa</subfield>
    <subfield code="c">DO-SdBJH</subfield>
  </datafield>
  <datafield tag="090" ind1=" " ind2=" ">
    <subfield code="a">TG EGAEE</subfield>
    <subfield code="b">01896 2021</subfield>
  </datafield>
  <datafield tag="100" ind1="1" ind2=" ">
    <subfield code="a">Comas Francisco, Ramon An&#xED;bal</subfield>
    <subfield code="e">sustentante</subfield>
  </datafield>
  <datafield tag="245" ind1="1" ind2="0">
    <subfield code="a">Incidencia Geopol&#xED;tica del Conflicto Territorial entre Israel y palestina ante el nuevo escenario tripolar.  Per&#xED;odo 2010-2020 / </subfield>
    <subfield code="c"> Ramon An&#xED;bal Comas Francisco, Weslly Manuel Portalat&#xED;n Federico, asesores Santo Inocencio Bello Ben&#xED;tez, Johany Josefina Acevedo Cabrera</subfield>
  </datafield>
  <datafield tag="260" ind1=" " ind2=" ">
    <subfield code="a">Santo Domingo :</subfield>
    <subfield code="b">INSUDE, </subfield>
    <subfield code="c">2021</subfield>
  </datafield>
  <datafield tag="300" ind1=" " ind2=" ">
    <subfield code="a">xiii, 64 p&#xE1;ginas, mapas, cuadro</subfield>
  </datafield>
  <datafield tag="502" ind1=" " ind2=" ">
    <subfield code="a">Tesis (Especialidad en Geopol&#xED;tica) -- Instituto Superior para la Defensa (INSUDE). Escuela de Graduados en Altos Estudios Estrat&#xE9;gico, 2021</subfield>
  </datafield>
  <datafield tag="504" ind1=" " ind2=" ">
    <subfield code="a">Incluye referencias bibliogr&#xE1;ficas e &#xED;ndices</subfield>
  </datafield>
  <datafield tag="505" ind1=" " ind2=" ">
    <subfield code="a">Origen y evoluci&#xF3;n del conflicto territorial entre Israel y Palestina. -- Factores que caracterizan un mundo tripolar. -- Efectos geopol&#xED;ticos del conflictos territorial entre Israel y palestina, en el marco de la tripolaridad en el per&#xED;odo 2010-2020</subfield>
  </datafield>
  <datafield tag="700" ind1="1" ind2=" ">
    <subfield code="a">Portalat&#xED;n Federico, Weslly Manuel </subfield>
    <subfield code="e">sustentante</subfield>
  </datafield>
  <datafield tag="700" ind1="1" ind2=" ">
    <subfield code="a">Bello Ben&#xED;tez, Santo Inocencio</subfield>
    <subfield code="e">asesor</subfield>
  </datafield>
  <datafield tag="700" ind1="1" ind2=" ">
    <subfield code="a">Acevedo Cabrera, Johany Josefina </subfield>
    <subfield code="e">asesor</subfield>
  </datafield>
  <datafield tag="830" ind1=" " ind2=" ">
    <subfield code="a">INSUDE.  Escuela de Graduados en Altos Estudios Estrat&#xE9;gico. Tesis y disertaciones acad&#xE9;micas</subfield>
  </datafield>
  <datafield tag="942" ind1=" " ind2=" ">
    <subfield code="2">CL</subfield>
    <subfield code="c">T</subfield>
  </datafield>
  <datafield tag="952" ind1=" " ind2=" ">
    <subfield code="0">0</subfield>
    <subfield code="1">0</subfield>
    <subfield code="2">CL</subfield>
    <subfield code="4">0</subfield>
    <subfield code="7">1</subfield>
    <subfield code="8">TG</subfield>
    <subfield code="a">BJHA</subfield>
    <subfield code="b">BJHA</subfield>
    <subfield code="d">2022-11-10</subfield>
    <subfield code="i">01896</subfield>
    <subfield code="l">0</subfield>
    <subfield code="o">TG EGAEE 01896 2021</subfield>
    <subfield code="p">01896</subfield>
    <subfield code="r">2022-11-10 00:00:00</subfield>
    <subfield code="t">e.1</subfield>
    <subfield code="w">2022-11-10</subfield>
    <subfield code="y">T</subfield>
  </datafield>
</record>
